The medical interview : (Record no. 3257)
[ view plain ]
| 000 -LEADER | |
|---|---|
| fixed length control field | 00740cam a2200229 a 4500 |
| 001 - CONTROL NUMBER | |
| control field | 3069454 |
| 005 - DATE AND TIME OF LATEST TRANSACTION | |
| control field | 20250130144157.0 |
| 008 - FIXED-LENGTH DATA ELEMENTS--GENERAL INFORMATION | |
| fixed length control field | 970304s1997 paua b 001 0 eng c |
| 020 ## - INTERNATIONAL STANDARD BOOK NUMBER | |
| International Standard Book Number | 9780803602670 |
| 050 00 - LIBRARY OF CONGRESS CALL NUMBER | |
| Classification number | RC65 |
| Item number | .C68 1997 |
| 082 00 - DEWEY DECIMAL CLASSIFICATION NUMBER | |
| Classification number | 616.07/51 |
| Edition information | 21 |
| 100 1# - MAIN ENTRY--PERSONAL NAME | |
| Personal name | Coulehan, John L., |
| Dates associated with a name | 1943- |
| 245 14 - TITLE STATEMENT | |
| Title | The medical interview : |
| Remainder of title | mastering skills for clinical practice / |
| Statement of responsibility, etc. | John L. Coulehan, Marian R. Block. |
| 250 ## - EDITION STATEMENT | |
| Edition statement | 3rd ed. |
| 260 ## - PUBLICATION, DISTRIBUTION, ETC. | |
| Place of publication, distribution, etc. | Philadelphia : |
| Name of publisher, distributor, etc. | F. A. Davis Company, |
| Date of publication, distribution, etc. | c1997. |
| 300 ## - PHYSICAL DESCRIPTION | |
| Extent | xxi, 287 p. : |
| Other physical details | ill. ; |
| Dimensions | 24 cm. |
| 650 #0 - SUBJECT ADDED ENTRY--TOPICAL TERM | |
| Topical term or geographic name entry element | Medical history taking. |
| 650 12 - SUBJECT ADDED ENTRY--TOPICAL TERM | |
| Topical term or geographic name entry element | Medical History Taking. |
| 650 22 - SUBJECT ADDED ENTRY--TOPICAL TERM | |
| Topical term or geographic name entry element | Physician-Patient Relations. |
| 700 1# - ADDED ENTRY--PERSONAL NAME | |
| Personal name | Block, Marian R., |
| Dates associated with a name | 1947- |
| 942 ## - ADDED ENTRY ELEMENTS (KOHA) | |
| Source of classification or shelving scheme | Library of Congress Classification |
| Koha item type | Books |
| Edition | 3rd ed. |
| Suppress in OPAC | No |
| 999 ## - | |
| -- | 3257 |
| -- | 3257 |
| Withdrawn status | Lost status | Source of classification or shelving scheme | Damaged status | Not for loan | Collection | Home library | Current library | Shelving location | Date acquired | Total checkouts | Full call number | Barcode | Date last seen | Copy number | Price effective from | Koha item type |
|---|---|---|---|---|---|---|---|---|---|---|---|---|---|---|---|---|
| Library of Congress Classification | Non-fiction | Science Library (Miotso) | Science Library (Miotso) | General stacks | 01/30/2025 | RC65 .C68 COU | SLM00002642 | 01/30/2025 | 1 | 01/30/2025 | Books |